New Zealand administrative divisions.

Bibliographic Details
Corporate Author: United States. Central Intelligence Agency
Format: Government Document Map
Language:English
Published: [Washington, D.C.] : [Central Intelligence Agency], [2006]
Subjects:
Online Access:http://hdl.loc.gov/loc.gmd/g9081f.ct001887

MARC

Tag First Indicator Second Indicator Subfields
LEADER 00000cem a2200000 a 4500
001 in00002467660
005 20151110131935.0
007 aj canzn
007 cr |||||||||||
008 060517s2006 dcu bh a f 0 eng
010 |a  2006628167 
029 1 |a AU@  |b 000040554271 
034 1 |a a  |b 7603200 
035 |a (OCoLC)ocm69222914 
035 |a (OCoLC)69222914 
040 |a DLC  |c DLC  |d GPO  |d TXA  |d UtOrBLW 
049 |a TXAM 
050 0 0 |a G9081.F7 2006  |b .U5 
052 |a 9081 
074 |a 0856-A-01 
086 0 |a PREX 3.10/4:N 42 Z/5 
110 1 |a United States.  |b Central Intelligence Agency. 
245 1 0 |a New Zealand administrative divisions. 
255 |a Scale [ca. 1:7,603,200] ;  |b Transverse Mercator proj. 
264 1 |a [Washington, D.C.] :  |b [Central Intelligence Agency],  |c [2006] 
300 |a 1 map :  |b color ;  |c 22 x 17 cm. 
336 |a cartographic image  |b cri  |2 rdacontent 
337 |a computer  |b c  |2 rdamedia 
338 |a online resource  |b cr  |2 rdacarrier 
500 |a Shows New Zealand's 16 regions (regional councils) and Chatham Islands Territory along with their capitals. 
500 |a Shipping list number: 2006-0275-P. 
530 |a Available also through the Library of Congress Web site as a raster image. 
500 |a Includes note, area map, and inset of Chatham Islands Territory. 
500 |a "Base 803156A1 (G00180) 1-06." 
500 |a Cartographic material. 
651 0 |a New Zealand  |x Administrative and political divisions  |v Maps. 
752 |a New Zealand. 
856 4 1 |u http://hdl.loc.gov/loc.gmd/g9081f.ct001887  |t 0 
994 |a C0  |b TXA 
948 |a cataloged  |b h  |c 2009/6/15  |d c  |e jlanham  |f 10:59:53 am 
999 |a MARS 
999 f f |s 8af22ed2-b64e-3b47-a2bb-7fb5583899d8  |i d23d28ce-6d84-315a-a946-bd2d53417d47  |t 0 
952 f f |p normal  |a Texas A&M University  |b College Station  |c Sterling C. Evans Library  |d Evans: Maps (2nd floor)  |t 0  |e G9081.F7 2006 .U5  |h Library of Congress classification  |i computer -- online resource  |m A14834943936 
998 f f |a G9081.F7 2006 .U5  |t 0  |l Evans: Maps (2nd floor)